000 00389pam a2200169 a 4500
020 _cpaper back
041 _aeng
082 _bROD
100 _aRODDY D.
245 _aSATELLITE COMMUNICATIONS
_hTextual Documents
250 _a01-01-1989
260 _bMC GRAW HILL INT.
300 _axiv/569
500 _a2887
653 _aADV. COMMUN. SYSTEMS (B.E.ELECTIVE-II)
930 _a2591
999 _c45816
_d45816